Ensayos literarios y críticos / (Registro nro. 157798)

Detalles MARC
000 -LEADER
campo de control de longitud fija 00944nam a22002295i 4500
001 - NÚMERO DE CONTROL
campo de control 157798
003 - IDENTIFICADOR DE NÚMERO DE CONTROL
campo de control ES-MaACL
005 - FECHA Y HORA DE LA ÚLTIMA TRANSACCIÓN
campo de control 20231228063235.0
008 - DATOS DE LONGITUD FIJA--INFORMACIÓN GENERAL
campo de control de longitud fija 960320s1844 sp |||| | spa d
040 ## - FUENTE DE CATALOGACIÓN
Centro catalogador/agencia de origen AS
Lengua de catalogación spa
Centro/agencia transcriptor CCPB | SIC
080 ## - NÚMERO DE LA CLASIFICACIÓN DECIMAL UNIVERSAL
Número de la Clasificación Decimal Universal 821.134.2-4"18"
100 1# - ENTRADA PRINCIPAL--NOMBRE DE PERSONA
Nombre de persona Lista y Aragón, Alberto,
Fechas asociadas al nombre 1775-1848
9 (RLIN) 72559
245 10 - MENCIÓN DEL TÍTULO
Título Ensayos literarios y críticos /
Mención de responsabilidad, etc. por Alberto Lista y Aragón ; con un prólogo por José Joaquín de Mora.
260 ## - PUBLICACIÓN, DISTRIBUCIÓN, ETC.
Lugar de publicación, distribución, etc. Sevilla :
Nombre del editor, distribuidor, etc. Calvo-Rubio y Compañía,
Fecha de publicación, distribución, etc. 1844.
300 ## - DESCRIPCIÓN FÍSICA
Extensión 2 v. ;
Dimensiones 26 cm.
530 ## - NOTA DISPONIBLE DE FORMULARIO FÍSICO ADICIONAL
Nota de formato físico adicional disponible Disponible también en sitio web.
597 ## - NOTA DE DESCRIPCIÓN FÍSICA
NOTA DE DESCRIPCIÓN FÍSICA Vol. I (XI, 172 p.) -- vol. II (230 p.)
700 1# - ENTRADA AGREGADA--NOMBRE PERSONAL
Nombre de persona Mora, José Joaquín de (
Fechas asociadas al nombre 1783-1864)
9 (RLIN) 82860
852 ## - LOCALIZACIÓN
Ubicación ES-MaACL
Número de control de estantería B-4835
Nota libre -- Enc. hol.
-- -- 2 t. en 1 v.
856 ## - LOCALIZACIÓN Y ACCESO ELECTRÓNICOS
Identificador Uniforme de Recursos <a href="http://bibliotecadigitalhispanica.bne.es:80/webclient/DeliveryManager?pid=1809059&custom_att_2=simple_viewer">http://bibliotecadigitalhispanica.bne.es:80/webclient/DeliveryManager?pid=1809059&custom_att_2=simple_viewer</a>
Nota pública Ir a la página
Existencias
Estatus retirado Estado de pérdida Estado de daño No para préstamo Colección Biblioteca de origen Biblioteca actual Ubicación en estantería Fecha de adquisición Fuente de adquisición Total de préstamos Signatura topográfica completa Código de barras Visto por última vez Precio de reemplazo Tipo de ítem Koha
        Colección digital Biblioteca del Ateneo de Madrid Biblioteca del Ateneo de Madrid Sala Pardo Bazán 17/01/2008     B-4835 1165137 23/02/2023 23/02/2023 Libro impreso antiguo